| 000 | 00390nam a2200169Ia 4500 | ||
|---|---|---|---|
| 008 | 210210b1944 xxu||||| |||| 00| 0 eng d | ||
| 041 | _aeng | ||
| 082 | _a335/362 | ||
| 100 | _a- | ||
| 245 | _aFamine inquiry commission | ||
| 260 |
_aMadras _bGovernment Press _c1944 |
||
| 650 | _ainquiry | ||
| 650 | _aFamine | ||
| 650 | _acommission | ||
| 690 | _aIndian Economics | ||
| 906 | _a004704 | ||
| 999 |
_c127723 _d127723 |
||